| 000 | 00853nam a2200265Ia 4500 | ||
|---|---|---|---|
| 003 | OSt | ||
| 005 | 20220926030656.0 | ||
| 006 | a|||||r|||| 00| 0 | ||
| 007 | ta | ||
| 008 | 220923b |||||||| |||| 00| 0 eng d | ||
| 020 |
_a0691120609 _c2186.42 |
||
| 037 |
_b2910, 16/03/2007, RAJKIRAN BOOK AGENCY _cGeneral Book |
||
| 040 |
_aRTL _cRTL _beng |
||
| 041 |
_2eng _aeng |
||
| 082 | _aB13, P6 | ||
| 100 |
_aMiller Steven J _9334705 |
||
| 245 | 0 | _aInvitation to modern number theory | |
| 260 |
_aPrinceton _bPrincton Unversity Press _c2006 |
||
| 300 |
_axx, 503 p _ccm. |
||
| 500 | _aAppendix p 439-475; Bib p 476-96 | ||
| 650 | _aEconomics | ||
| 700 |
_a Takloo-Bighash Ramin _9334706 |
||
| 942 |
_hB13, P6 _cGB _2CC |
||
| 999 |
_c650501 _d650501 |
||